100 mots les plus courants en Anglais - Statistiques

Statistiques générales
  • Ce quiz a été pris 2 476 fois
  • Le résultat moyen est 68 sur 100
Statistiques - réponses
Mot anglais Traduction % Correct
3 to à
99%
20 at à
99%
5 and et
99%
1 the le
99%
4 of de
98%
25 from de
98%
34 my ma
97%
2 be être
96%
16 he il
95%
12 for pour
95%
6 a un
95%
32 an un
95%
35 one un
95%
10 I je
94%
7 in dans
93%
62 into dans
93%
11 eat manger
93%
15 with avec
92%
9 have avoir
92%
47 get avoir
92%
8 that ce
92%
21 this ce
92%
56 no non
92%
30 she elle
91%
19 do faire
91%
27 we nous
91%
66 us nous
91%
29 her sa
89%
31 or ou
88%
22 but mais
87%
24 by par
87%
26 they ils
84%
17 as comme
82%
54 like comme
82%
50 me moi
82%
51 when quand
81%
49 go aller
80%
28 say dire
80%
40 what quoi
79%
14 on sur
79%
45 about sur
79%
70 see voir
79%
63 year an
78%
36 all tout
78%
46 who qui
77%
65 good bien
76%
90 well bien
76%
57 just juste
76%
44 if si
76%
72 than que
74%
23 his son
74%
78 its son
74%
55 time temps
74%
58 him lui
73%
60 take prendre
73%
18 you toi
71%
83 after après
69%
74 now maintenant
68%
59 know savoir
68%
94 want vouloir
68%
61 people gens
67%
85 two deux
66%
71 other autre
65%
39 their leur
64%
69 them leur
64%
80 think penser
64%
75 look regarder
62%
64 your ton
62%
88 work travail
62%
77 come venir
62%
89 first premier
60%
76 only seulement
60%
86 how comment
58%
93 new nouveau
57%
84 use utiliser
57%
43 out dehors
55%
95 because parce que
54%
98 give donner
53%
87 our notre
53%
53 can peut
52%
38 there
51%
41 so alors
38%
52 make fabriquer
37%
48 which lequel
36%
13 not ne pas
35%
67 some quelques
35%
100 most les plus
34%
92 even même
33%
99 day journée
32%
82 back retour
24%
42 up en haut
19%
33 will sera
18%
73 then ensuite
17%
91 way façon
13%
81 also également
8%
79 over terminer
7%
37 would serait
6%
97 these ceux-ci
4%
68 could pouvait
4%
96 any quelconque
1%
Aucun quiz correspondant
Distribution des résultats
% des personnes avec chaque résultat
Percentile par nombre de réponses
Votre historique - résultats
Vous n’avez pas pris ce quiz